Gas chromatographic detectors /
Guardado en:
| Autor Principal: | |
|---|---|
| Formato: | Libro |
| Idioma: | English |
| Publicado: |
New York :
Wiley,
c1974.
|
| Materias: | |
| Etiquetas: |
Agregar Etiqueta
Sin Etiquetas, Sea el primero en etiquetar este registro!
|
| LEADER | 00932cam a22002655a 4500 | ||
|---|---|---|---|
| 001 | EIQ.libpla000876 | ||
| 008 | 730320s1974####nyuaf####b####001#0#eng#d | ||
| 005 | 20060612141631.0 | ||
| 245 | 1 | 0 | |a Gas chromatographic detectors / |c D. J. David. |
| 260 | |a New York : |b Wiley, |c c1974. | ||
| 300 | |a xii, 295 p., 2 p. de láms : |b il. ; |c 23 cm. | ||
| 500 | |a "A Wiley-Interscience publication". | ||
| 504 | |a Incluye referencias bibliográficas e índices. | ||
| 020 | |a 0471196746 | ||
| 100 | 1 | |a David, D. J. |q (Donald Joseph), |d 1930- | |
| 082 | 0 | 0 | |a 544/.926 |
| 650 | 4 | |a Cromatografía de gases |x Aparatos y fuentes. | |
| 650 | 4 | |a Gases |x Cromatografía. | |
| 650 | 4 | |a Cromatografía |x Detectores. | |
| 650 | 0 | |a Gas |x Chromatography. | |
| 650 | 4 | |a Gas chromatography |x Equipment and supplies. | |
| 650 | 4 | |a Chromatography |x Detectors. | |
| 010 | |a 73004773 | ||
| 040 | |a DLC |c DLC |d AR-BbSID | ||
| 859 | |a AR-BbSID |b BIB. PLAPIQUI |h 544.926 |i D 28 |p 577 | ||
